000 00472nam a2200157 i 4500
001 99836
003 ES-MaACL
005 20230906182549.0
007 t|
008 050919s1965 sp ||||1| spa d
100 1 _aMartínez Moya, Juan Cruz.
_978265
245 1 0 _aMi ciudad
_b: la catedral /
_cJuan Cruz Martínez Moya.
260 _aTarazona (Zaragoza) :
_b[s.n.],
_c1965 (
_eTip. Félix Meléndez)
300 _a148 p. ;
_c21 cm.
852 _aES-MaACL
_jC-29267
_bR.59807
999 _c99836
_d99836